[Event "VI Open FIDE"]
[Site "Forli' ITA"]
[Date "1993.10.??"]
[Round "3"]
[White "Cvitan, Ognjen"]
[Black "Tatai, Stefano"]
[WhiteElo "2550"]
[BlackElo "2440"]
[Result "1-0"]
[PlyCount "77"]
[EventDate "1993.10.23"]

1. d4 Nf6 2. c4 e6 3. Nc3 d5 4. Nf3 Bb4 5. cxd5 exd5 6. Qa4+ Nc6 7. Bg5 h6 8.
Bxf6 Qxf6 9. e3 O-O 10. Be2 Be6 11. Rc1 a6 12. O-O Rfd8 13. a3 Bf8 14. Rfe1 Bf5
15. Qd1 Ne7 16. Na4 c6 17. Nc5 Rab8 18. b4 Nc8 19. Ne5 Bd6 20. f4 Qe7 21. Bg4
Bxg4 22. Qxg4 Nb6 23. Rc3 Bxe5 24. fxe5 Nd7 25. Rf1 Nf8 26. Rc2 Rbc8 27. Rcf2
Rc7 28. h4 Nh7 29. Rf3 Kh8 30. Nd3 Qe8 31. Nf4 Nf8 32. Nh5 Ne6 33. Rg3 Qg8 34.
Rf5 Re8 35. Qf3 Rce7 36. Rf6 Qh7 37. Kh2 Qe4 38. Rxh6+ Kg8 39. Nf6+ 1-0

[Event "VI Open FIDE"]
[Site "Forli' ITA"]
[Date "1993.10.??"]
[Round "3"]
[White "Gaido, Paolo"]
[Black "Iotti, Pierluigi"]
[WhiteElo "1987"]
[BlackElo "2300"]
[Result "1/2-1/2"]
[PlyCount "133"]
[EventDate "1993.10.23"]

1. Nf3 d5 2. d4 Nf6 3. c4 e6 4. Nc3 Be7 5. Bg5 h6 6. Bh4 O-O 7. e3 b6 8. Bd3
Bb7 9. O-O Nbd7 10. Rc1 c5 11. Qe2 cxd4 12. Nxd4 Nc5 13. Bb1 dxc4 14. Qxc4 Rc8
15. Qe2 Nfe4 16. Bxe7 Qxe7 17. Nxe4 Nxe4 18. f3 Nc5 19. b4 Ba6 20. b5 Bb7 21.
e4 Rfd8 22. Rfd1 e5 23. Nf5 Qf8 24. Qb2 g6 25. Ne3 f6 26. Qb4 Rc7 27. a4 Kg7
28. a5 Rcd7 29. Rxd7+ Rxd7 30. axb6 axb6 31. Rd1 Rxd1+ 32. Nxd1 Qd6 33. Ne3
Nxe4 34. Qxd6 Nxd6 35. Bd3 f5 36. Kf2 f4 37. Ng4 e4 38. fxe4 Nxe4+ 39. Ke1 Nf6
40. Nxf6 Kxf6 41. Kf2 g5 42. g3 Ke5 43. h4 Kd4 44. Bf5 Ke5 45. Bd7 gxh4 46.
gxh4 Bd5 47. Be8 Kd6 48. Bf7 Kc5 49. Be8 Bc4 50. Kf3 Bxb5 51. Bg6 Bd7 52. Kxf4
Kd6 53. Ke4 Bg4 54. Kd4 Ke6 55. Bd3 Bf3 56. Bc2 Be2 57. Ke3 Bf1 58. Kd4 b5 59.
Kc5 Be2 60. Bg6 Ke5 61. Be8 Kf4 62. h5 Kg5 63. Kb4 Bxh5 64. Bxb5 Kf4 65. Kc3
Ke3 66. Bd7 Bg6 67. Bg4 1/2-1/2

[Event "VI Open FIDE"]
[Site "Forli' ITA"]
[Date "1993.10.??"]
[Round "3"]
[White "Godena, Michele"]
[Black "Vezzosi, Paolo"]
[WhiteElo "2505"]
[BlackElo "2280"]
[Result "1/2-1/2"]
[PlyCount "62"]
[EventDate "1993.10.23"]

1. e4 e6 2. d4 d5 3. Nd2 Nf6 4. e5 Nfd7 5. Bd3 c5 6. c3 Nc6 7. Ne2 cxd4 8. cxd4
f6 9. exf6 Nxf6 10. Nf3 Bd6 11. O-O O-O 12. Bf4 Bxf4 13. Nxf4 Ne4 14. Nh5 g6
15. Ng3 Nxg3 16. hxg3 Qb6 17. Qa4 a6 18. Rad1 Qxb2 19. Rb1 Qc3 20. Rb3 Qa5 21.
Qxa5 Nxa5 22. Rb6 Nc6 23. Rc1 Rf7 24. Bxa6 Nxd4 25. Nxd4 bxa6 26. Nf3 Re7 27.
Ne5 Bb7 28. Rcb1 Bc8 29. Rc1 Bb7 30. Rcb1 Bc8 31. Rc1 Bb7 1/2-1/2

[Event "VI Open FIDE"]
[Site "Forli' ITA"]
[Date "1993.10.??"]
[Round "3"]
[White "Lagrotteria, Salvatore"]
[Black "Belotti, Bruno"]
[WhiteElo "2230"]
[BlackElo "2410"]
[Result "0-1"]
[PlyCount "70"]
[EventDate "1993.10.23"]

1. Nf3 g6 2. g3 Bg7 3. Bg2 Nf6 4. O-O O-O 5. d3 d6 6. e4 c5 7. Nbd2 Nc6 8. a4
Rb8 9. Nc4 Bg4 10. h3 Bxf3 11. Qxf3 Nd7 12. Ne3 a6 13. Qd1 Rc8 14. h4 b5 15.
axb5 axb5 16. h5 Nf6 17. hxg6 hxg6 18. c3 b4 19. f4 Nd7 20. f5 Nde5 21. Bh3 Ra8
22. Rxa8 Qxa8 23. fxg6 fxg6 24. Be6+ Kh7 25. Nf5 Rf6 26. Nxg7 Kxg7 27. Rxf6
exf6 28. cxb4 Nxb4 29. d4 cxd4 30. Bh6+ Kxh6 31. Qd2+ g5 32. Qxb4 Qxe4 33. Qxd6
Qe1+ 34. Kg2 Qe2+ 35. Kh1 Qf1+ 0-1

[Event "VI Open FIDE"]
[Site "Forli' ITA"]
[Date "1993.10.??"]
[Round "3"]
[White "Manouck, Thierry"]
[Black "Turci, Stefano"]
[WhiteElo "2305"]
[BlackElo "2230"]
[Result "1-0"]
[PlyCount "143"]
[EventDate "1993.10.23"]

1. c4 e5 2. g3 Nc6 3. Bg2 f5 4. Nc3 Nf6 5. e3 d6 6. Nge2 Be7 7. O-O O-O 8. d3
Qe8 9. Bd2 Bd8 10. Rc1 Kh8 11. Nd5 Ne7 12. Nxf6 Rxf6 13. f4 c6 14. Bc3 Bb6 15.
Qd2 exf4 16. Nxf4 Ng6 17. Rce1 Nxf4 18. gxf4 Rg6 19. Kh1 Be6 20. Bf3 Qd7 21. b4
Rf8 22. Rg1 Rxg1+ 23. Rxg1 Rf7 24. Rg3 c5 25. bxc5 dxc5 26. Qg2 Bd8 27. Bd5 Bf6
28. Be5 Bxe5 29. fxe5 Re7 30. d4 Kg8 31. Bxe6+ Qxe6 32. Qd5 cxd4 33. Qxe6+ Rxe6
34. exd4 b6 35. Kg2 Kf7 36. Ra3 Re7 37. Kf3 g5 38. Ke3 h6 39. Rb3 Ke6 40. a4
Rc7 41. Kd3 Rf7 42. Rb2 g4 43. a5 bxa5 44. Re2 f4 45. d5+ Ke7 46. e6 Rf6 47.
d6+ Ke8 48. c5 f3 49. Re1 f2 50. Rf1 Rxe6 51. Rxf2 Re1 52. Kc4 h5 53. c6 Rc1+
54. Kb5 Rb1+ 55. Kxa5 Ra1+ 56. Kb5 Rb1+ 57. Kc4 Rc1+ 58. Kd5 Rd1+ 59. Ke6 Re1+
60. Kf5 Rc1 61. Re2+ Kd8 62. Ke6 Rxc6 63. Rf2 Ke8 64. Rf5 h4 65. Rg5 Kf8 66.
Rxg4 h3 67. Rf4+ Ke8 68. Rh4 Kf8 69. Rxh3 Rc2 70. Rh8+ Kg7 71. d7 Re2+ 72. Kf5
1-0

[Event "VI Open FIDE"]
[Site "Forli' ITA"]
[Date "1993.10.??"]
[Round "3"]
[White "Nemet, Ivan"]
[Black "Efimov, Igor"]
[WhiteElo "2410"]
[BlackElo "2490"]
[Result "0-1"]
[PlyCount "104"]
[EventDate "1993.10.23"]

1. d4 d6 2. e4 g6 3. Nf3 Bg7 4. Be2 Nf6 5. Nbd2 O-O 6. O-O Nc6 7. c3 e5 8. dxe5
Nxe5 9. Nxe5 dxe5 10. Qc2 b6 11. Re1 Bb7 12. a4 Bh6 13. Bf3 a5 14. Rd1 Qe7 15.
b3 Rfd8 16. Ba3 Qe6 17. Nc4 Bc6 18. Rxd8+ Rxd8 19. Rd1 Rd7 20. Rxd7 Nxd7 21.
Qd1 Bg5 22. Bg4 f5 23. exf5 gxf5 24. Bh3 Kg7 25. Bc1 h6 26. Ne3 Bxe3 27. Bxe3
Nf6 28. c4 Kg6 29. f3 Bd7 30. Qd2 Qe7 31. c5 f4 32. Bf2 Bxh3 33. gxh3 Qe6 34.
Qc2+ Kg7 35. cxb6 cxb6 36. Qc7+ Nd7 37. h4 Kg6 38. Qc2+ Kh5 39. Qd3 Qg6+ 40.
Qxg6+ Kxg6 41. h5+ Kxh5 42. Kf1 Kg5 43. Ke2 Nc5 44. b4 axb4 45. Bxc5 bxc5 46.
a5 b3 47. a6 b2 48. a7 b1=Q 49. a8=Q Qc2+ 50. Kf1 Qd3+ 51. Kf2 h5 52. Kg2 e4
0-1

[Event "VI Open FIDE"]
[Site "Forli' ITA"]
[Date "1993.10.??"]
[Round "3"]
[White "Payen, Arnaud"]
[Black "Ciotoli, Patrizio"]
[WhiteElo "2285"]
[BlackElo "1914"]
[Result "1-0"]
[PlyCount "91"]
[EventDate "1993.10.23"]

1. e4 e5 2. Nf3 Nc6 3. Bb5 Bc5 4. c3 f5 5. d4 fxe4 6. Bxc6 dxc6 7. Nxe5 Bd6 8.
Bf4 Nf6 9. O-O Be6 10. Nd2 O-O 11. Re1 c5 12. Bg5 cxd4 13. cxd4 Bb4 14. a3 Qxd4
15. axb4 Qxe5 16. Bxf6 Qxf6 17. Nxe4 Qg6 18. Qd4 Rad8 19. Qc5 Bd5 20. Ng3 h5
21. h4 Qf6 22. Re2 c6 23. Qe7 Qxe7 24. Rxe7 Rf7 25. Rxf7 Bxf7 26. Rxa7 b5 27.
Ne4 Rd1+ 28. Kh2 Rd4 29. f3 Rd8 30. Rc7 Bd5 31. Nc3 Kh7 32. Kg3 Rd6 33. Nxd5
cxd5 34. Rc5 d4 35. Rxh5+ Kg6 36. Rg5+ Kf6 37. Kf2 d3 38. Ke1 d2+ 39. Kd1 Rd4
40. Rxb5 Rxh4 41. Rd5 Rh1+ 42. Kxd2 Rg1 43. g4 Rg2+ 44. Kc3 Rf2 45. Rd3 Re2 46.
b5 1-0

[Event "VI Open FIDE"]
[Site "Forli' ITA"]
[Date "1993.10.??"]
[Round "3"]
[White "Tagnon, Nicole"]
[Black "Leoncini, Mario"]
[WhiteElo "2100"]
[BlackElo "2250"]
[Result "0-1"]
[PlyCount "76"]
[EventDate "1993.10.23"]

1. e4 c5 2. Nf3 Nc6 3. d4 cxd4 4. Nxd4 Nf6 5. Nc3 e5 6. Ndb5 d6 7. Bg5 a6 8.
Bxf6 gxf6 9. Na3 b5 10. Nd5 f5 11. Bxb5 axb5 12. Nxb5 Qg5 13. g4 Rb8 14. h4 Qd8
15. Nbc7+ Kd7 16. gxf5 h5 17. f6 Rb7 18. Rg1 Rxc7 19. Rg5 Rb7 20. Rxh5 Rxh5 21.
Qxh5 Ke8 22. Qg5 Nb4 23. Ne3 Qc7 24. Kf1 Nxc2 25. Rc1 Nxe3+ 26. Qxe3 Qd7 27.
Kg2 Qg4+ 28. Qg3 Qxg3+ 29. fxg3 Rxb2+ 30. Kf3 Kd8 31. g4 Rxa2 32. Rc3 d5 33.
exd5 Ra3 34. Rxa3 Bxa3 35. g5 Bf5 36. Ke3 Bc5+ 37. Kf3 Ke8 38. h5 Kf8 0-1

[Event "VI Open FIDE"]
[Site "Forli' ITA"]
[Date "1993.10.??"]
[Round "3"]
[White "Trevisani, Bruno"]
[Black "Pieri, Filippo"]
[WhiteElo "2320"]
[BlackElo "2215"]
[Result "1/2-1/2"]
[PlyCount "209"]
[EventDate "1993.10.23"]

1. Nf3 c5 2. c4 Nf6 3. Nc3 Nc6 4. d4 cxd4 5. Nxd4 g6 6. g3 Nxd4 7. Qxd4 Bg7 8.
Bg2 O-O 9. O-O d6 10. Qd3 a6 11. Rd1 Qc7 12. Bg5 Be6 13. Nd5 Nxd5 14. cxd5 Bf5
15. Qd2 Rfe8 16. Rac1 Qb6 17. b3 Rac8 18. h3 Kf8 19. e4 Bd7 20. Be3 Qd8 21. Bd4
Bxd4 22. Qxd4 f6 23. f4 Qa5 24. e5 Kg7 25. e6 Rxc1 26. Rxc1 Rc8 27. Rxc8 Bxc8
28. b4 Qc7 29. Kh2 b6 30. Be4 a5 31. a3 Ba6 32. bxa5 bxa5 33. Qa4 Kf8 34. Qc6
Qb7 35. Bg2 Qa7 36. h4 Bb7 37. Qb5 Qa6 38. Qb1 Qa8 39. Qb3 Ba6 40. Qb6 Bb7 41.
g4 Kg7 42. Qc7 Kf8 43. g5 fxg5 44. fxg5 a4 45. Qc3 Kg8 46. Qf3 Qf8 47. Qxf8+
Kxf8 48. Kg3 Ba6 49. Be4 Bc4 50. Kf4 Bb3 51. Ke3 Kg7 52. Kd4 Kf8 53. Bd3 Ke8
54. Bc4 Bd1 55. Kc3 Kd8 56. Kb4 Kc7 57. Bb5 Bb3 58. Bxa4 Bxd5 59. Bd7 Bc6 60.
Bxc6 Kxc6 61. a4 Kb6 62. Kc4 Ka5 63. Kd5 Kb6 64. a5+ Kxa5 65. Kc6 d5 66. Kd7 d4
67. Kxe7 d3 68. Kf7 d2 69. e7 d1=Q 70. e8=Q Qh5 71. Qe4 Kb5 72. Kg7 Kc5 73. Qf4
Kb5 74. Kg8 Kc6 75. Qf6+ Kb5 76. Qe5+ Kc4 77. Qc7+ Kd4 78. Qxh7 Qg4 79. Qa7+
Kd3 80. Qf2 Qh5 81. Kg7 Kc3 82. Qf6+ Kd2 83. Qd8+ Ke3 84. Qh8 Qg4 85. Kxg6 Qe4+
86. Kh5 Qf5 87. Kh6 Qe4 88. h5 Kf4 89. Qf6+ Kg4 90. g6 Qd5 91. Kg7 Kxh5 92. Kh7
Qe4 93. Qd6 Kg5 94. Qg3+ Kh5 95. Qh3+ Kg5 96. Qg3+ Kh5 97. Qd6 Kg5 98. Qd8+ Kh5
99. Qf6 Qd3 100. Qe5+ Kg4 101. Qe6+ Kg5 102. Kg7 Qd4+ 103. Kf7 Qa7+ 104. Kg8
Qb8+ 105. Kh7 1/2-1/2

[Event "VI Open FIDE"]
[Site "Forli' ITA"]
[Date "1993.10.??"]
[Round "4"]
[White "Belotti, Bruno"]
[Black "Godena, Michele"]
[WhiteElo "2410"]
[BlackElo "2505"]
[Result "1-0"]
[PlyCount "77"]
[EventDate "1993.10.23"]

1. d4 d5 2. Nf3 c6 3. c4 Nf6 4. Nc3 e6 5. Bg5 dxc4 6. e4 b5 7. e5 h6 8. Bh4 g5
9. Nxg5 hxg5 10. Bxg5 Nbd7 11. exf6 Bb7 12. g3 c5 13. d5 Nxf6 14. Bg2 Be7 15.
O-O Nxd5 16. Bxe7 Kxe7 17. Nxb5 Rb8 18. Qc1 Qb6 19. Na3 c3 20. bxc3 Nf6 21. Rb1
Qa6 22. Bxb7 Rxb7 23. Qe3 Rh5 24. Qf3 Rd7 25. c4 Rf5 26. Qe3 Ng4 27. Qb3 Qc6
28. f3 Ne5 29. f4 Ng4 30. Qf3 Qxf3 31. Rxf3 Rh5 32. h4 f5 33. Rb2 Rh8 34. Nb1
Rhd8 35. Kg2 Rd1 36. Ra3 Kf6 37. Rxa7 Re1 38. Rbb7 Re2+ 39. Kf1 1-0

[Event "VI Open FIDE"]
[Site "Forli' ITA"]
[Date "1993.10.??"]
[Round "4"]
[White "Benvenuti, Carlo"]
[Black "Wagman, Stuart"]
[WhiteElo "2081"]
[BlackElo "2225"]
[Result "1-0"]
[PlyCount "65"]
[EventDate "1993.10.23"]

1. Nf3 Nf6 2. b3 g6 3. Bb2 Bg7 4. e3 O-O 5. Be2 d6 6. d3 c5 7. Nbd2 Nc6 8. a3
e5 9. O-O Qe7 10. c4 Ne8 11. Qc2 f5 12. Ne1 Nf6 13. Rd1 Bd7 14. Qb1 g5 15. Nc2
g4 16. Rfe1 Qf7 17. b4 b6 18. b5 Ne7 19. d4 Ng6 20. Bf1 f4 21. Bd3 fxe3 22.
fxe3 exd4 23. Rf1 Ne5 24. Be4 d3 25. Ne1 Rae8 26. Nxd3 Nxc4 27. Bxh7+ Kh8 28.
Nxc4 Qxc4 29. Bg6 Rxe3 30. Qa1 Qe6 31. Nf4 Qe7 32. Nd5 Nxd5 33. Bxg7+ 1-0

[Event "VI Open FIDE"]
[Site "Forli' ITA"]
[Date "1993.10.??"]
[Round "4"]
[White "Caposciutti, Maurizio"]
[Black "Arlandi, Ennio"]
[WhiteElo "2315"]
[BlackElo "2440"]
[Result "0-1"]
[PlyCount "78"]
[EventDate "1993.10.23"]

1. e4 e5 2. Bc4 Nf6 3. d3 Nc6 4. Nf3 Be7 5. Bb3 O-O 6. O-O d6 7. c3 Na5 8. Bc2
c5 9. Re1 Nc6 10. Nbd2 Re8 11. Nf1 h6 12. h3 Bf8 13. d4 exd4 14. cxd4 d5 15. e5
Ne4 16. dxc5 Nxc5 17. Ng3 b6 18. Bd2 a5 19. Bc3 g6 20. Nd4 Nxd4 21. Bxd4 Rb8
22. Qf3 Ne6 23. Rad1 Nxd4 24. Rxd4 Qc7 25. Bb3 Rxe5 26. Rxe5 Qxe5 27. Rxd5 Qe1+
28. Kh2 Be6 29. Ne4 Bxd5 30. Bxd5 Bg7 31. Qxf7+ Kh8 32. Qxg6 Qc1 33. g3 Qxb2
34. Kg2 Rf8 35. Be6 Qb5 36. h4 Qe8 37. Qg4 h5 38. Qh3 Qc6 39. Kg1 Qxe4 0-1

[Event "VI Open FIDE"]
[Site "Forli' ITA"]
[Date "1993.10.??"]
[Round "4"]
[White "Ciotoli, Patrizio"]
[Black "Beggi, Pierluigi"]
[WhiteElo "1914"]
[BlackElo "2235"]
[Result "0-1"]
[PlyCount "108"]
[EventDate "1993.10.23"]

1. e4 c5 2. Nc3 Nc6 3. f4 g6 4. Nf3 Bg7 5. Bc4 e6 6. f5 Ne5 7. Nxe5 Bxe5 8. Qf3
gxf5 9. d3 Qh4+ 10. g3 Qg4 11. Rf1 Qxf3 12. Rxf3 fxe4 13. Nxe4 b6 14. Bf4 Bxf4
15. gxf4 d5 16. Bb5+ Ke7 17. Ng3 Bb7 18. d4 h5 19. O-O-O h4 20. Nh1 Nh6 21. Bf1
Ng4 22. Bh3 f5 23. Re1 cxd4 24. Rd3 Kf6 25. Bxg4 fxg4 26. Nf2 Rag8 27. h3 gxh3
28. Nxh3 Rg3 29. Ng5 Rxd3 30. cxd3 Bc8 31. Nh3 Rg8 32. Ng5 Kf5 33. Rg1 h3 34.
Rh1 e5 35. Nxh3 exf4 36. Rf1 Rg4 37. Nf2 Rh4 38. Kd2 Bd7 39. Rg1 Rh2 40. Ke1
Be6 41. Rg7 f3 42. Rxa7 Kf4 43. Re7 Bf5 44. b4 Rg2 45. Kf1 Rg8 46. Re1 Rc8 47.
a4 Rc2 48. Ra1 Ke3 49. Re1+ Re2 50. a5 bxa5 51. bxa5 Bc8 52. Rxe2+ fxe2+ 53.
Ke1 Ba6 54. Ne4 dxe4 0-1

[Event "VI Open FIDE"]
[Site "Forli' ITA"]
[Date "1993.10.??"]
[Round "4"]
[White "Efimov, Igor"]
[Black "Vezzosi, Paolo"]
[WhiteElo "2490"]
[BlackElo "2280"]
[Result "1-0"]
[PlyCount "75"]
[EventDate "1993.10.23"]

1. d4 Nf6 2. c4 e6 3. Nc3 Bb4 4. Bd2 O-O 5. Nf3 d5 6. e3 b6 7. Rc1 Bb7 8. Bd3
dxc4 9. Bxc4 c5 10. O-O Nc6 11. a3 cxd4 12. axb4 dxc3 13. Bxc3 Ne4 14. b5 Nxc3
15. Rxc3 Na5 16. Bd3 Qf6 17. Qc2 g6 18. Nd4 Rfc8 19. Nc6 Rc7 20. Nxa5 Rxc3 21.
Qxc3 Qxc3 22. bxc3 bxa5 23. Ra1 Rc8 24. c4 a6 25. Rxa5 axb5 26. Rxb5 Ba6 27.
Rb4 Rd8 28. Be2 Rd2 29. Kf1 Ra2 30. g4 h6 31. h4 g5 32. h5 Kg7 33. f4 Kf6 34.
Kf2 Ra3 35. Bf1 Rc3 36. f5 Bc8 37. Rb6 Kg7 38. Rc6 1-0

[Event "VI Open FIDE"]
[Site "Forli' ITA"]
[Date "1993.10.??"]
[Round "4"]
[White "Loncar, Robert"]
[Black "Payen, Arnaud"]
[WhiteElo "2440"]
[BlackElo "2285"]
[Result "1-0"]
[PlyCount "63"]
[EventDate "1993.10.23"]

1. e4 c5 2. Nf3 d6 3. d4 cxd4 4. Nxd4 Nf6 5. Nc3 Nc6 6. Bc4 Qb6 7. Nb3 e6 8.
Be3 Qc7 9. f4 a6 10. Bd3 b5 11. Qf3 Bb7 12. g4 Nd7 13. O-O-O O-O-O 14. Qf2 Nc5
15. Kb1 Nb4 16. Nxc5 dxc5 17. Be2 Nc6 18. Rxd8+ Nxd8 19. Bf3 Be7 20. Rd1 Nc6
21. e5 Na5 22. b3 Bxf3 23. Qxf3 Nb7 24. Qe4 h5 25. f5 hxg4 26. fxe6 fxe6 27.
Qxg4 Nd8 28. Nd5 Qb7 29. Qxg7 Re8 30. Nxe7+ Rxe7 31. Rxd8+ Kxd8 32. Bg5 1-0

[Event "VI Open FIDE"]
[Site "Forli' ITA"]
[Date "1993.10.??"]
[Round "4"]
[White "Lurje, Pawel"]
[Black "Tagnon, Nicole"]
[WhiteElo "2100"]
[BlackElo "2100"]
[Result "1-0"]
[PlyCount "74"]
[EventDate "1993.10.23"]

1. e4 c5 2. Nc3 Nc6 3. g3 g6 4. Bg2 Bg7 5. d3 e6 6. Be3 Nd4 7. Qd2 Ne7 8. Nd1
d6 9. c3 Ndc6 10. Bh6 Bxh6 11. Qxh6 Ne5 12. Qd2 Bd7 13. f4 N5c6 14. Ne3 Qc7 15.
Ne2 h5 16. O-O f5 17. a3 Na5 18. Rad1 Ba4 19. Rde1 Nb3 20. Qd1 O-O-O 21. c4 Nc6
22. Nc3 Qa5 23. exf5 gxf5 24. Bxc6 bxc6 25. Qc2 h4 26. Ned1 hxg3 27. hxg3 Rdg8
28. Kg2 Rh6 29. Nxa4 Nd4 30. b4 cxb4 31. axb4 Qxb4 32. Qc3 Qxa4 33. Qxd4 Rhg6
34. Rf3 Qa5 35. Re2 e5 36. fxe5 dxe5 37. Rxe5 Qa2+ 1-0

[Event "VI Open FIDE"]
[Site "Forli' ITA"]
[Date "1993.10.??"]
[Round "4"]
[White "Mailfert, Jean-Pierre"]
[Black "Drei, Andrea"]
[WhiteElo "2115"]
[BlackElo "2255"]
[Result "1/2-1/2"]
[PlyCount "101"]
[EventDate "1993.10.23"]

1. d4 Nf6 2. Nf3 c5 3. d5 d6 4. Nc3 g6 5. e4 Bg7 6. Be2 O-O 7. O-O Na6 8. Bf4
Nc7 9. a4 Bg4 10. Nd2 Bd7 11. Nc4 b5 12. axb5 Nxb5 13. Nxb5 Bxb5 14. Na5 Qb6
15. f3 Nh5 16. Bc1 c4+ 17. Kh1 Rac8 18. c3 Nf6 19. Bg5 Rfe8 20. Qd2 a6 21. Be3
Qc7 22. Rfd1 Nd7 23. Ra3 Ra8 24. Bd4 Nb6 25. Bxg7 Kxg7 26. Qd4+ f6 27. Rda1
Rec8 28. Kg1 Nd7 29. Nb3 Nb6 30. Nd2 Qc5 31. Qxc5 Rxc5 32. Kf2 f5 33. Ke3 fxe4
34. fxe4 Nd7 35. Ra5 Ne5 36. Nb3 Rcc8 37. Nd4 Rab8 38. R1a2 Rb6 39. Nc2 Rcb8
40. Nb4 Kf6 41. Ra1 Kf7 42. Rf1+ Kg7 43. Kd4 Rf8 44. Rxf8 Kxf8 45. Ra2 Ke8 46.
Nc2 Rb8 47. Ne3 Rc8 48. Ra5 Rb8 49. Ra2 Rc8 50. Ra5 Rb8 51. Ra2 1/2-1/2

[Event "VI Open FIDE"]
[Site "Forli' ITA"]
[Date "1993.10.??"]
[Round "4"]
[White "Tocchioni, Doriano"]
[Black "Zelcic, Robert"]
[WhiteElo "2235"]
[BlackElo "2450"]
[Result "0-1"]
[PlyCount "118"]
[EventDate "1993.10.23"]

1. d4 c5 2. d5 e6 3. c4 exd5 4. cxd5 d6 5. Nc3 Be7 6. e4 a6 7. a4 Bf6 8. h3 Ne7
9. Nf3 Ng6 10. Be2 O-O 11. O-O Re8 12. Qc2 Qe7 13. Re1 Nd7 14. Bf1 Rb8 15. Bd2
Nde5 16. Nh2 Bg5 17. g3 Bxd2 18. Qxd2 b5 19. axb5 axb5 20. Nxb5 Bxh3 21. Nxd6
Qxd6 22. Bxh3 c4 23. Qd4 Rb3 24. Re3 Rxe3 25. Qxe3 h5 26. f4 Nd3 27. Bg2 h4 28.
e5 Qb4 29. Rf1 hxg3 30. Qxg3 Qxb2 31. Qe3 Ndxf4 32. Rxf4 Nxf4 33. Qxf4 Qb6+ 34.
Kh1 c3 35. Be4 Qc5 36. Ng4 c2 37. Qc1 Rc8 38. Ne3 Qxe3 39. Qxe3 c1=Q+ 40. Qxc1
Rxc1+ 41. Kg2 Re1 42. Kf3 Kf8 43. e6 fxe6 44. dxe6 Ke7 45. Bf5 Rf1+ 46. Ke4 Kf6
47. Bh3 Re1+ 48. Kf4 Ra1 49. Kg3 Ra3+ 50. Kh2 Re3 51. Kg2 Rxe6 52. Bxe6 Kxe6
53. Kh2 Kf5 54. Kh3 Kf4 55. Kh2 Kg4 56. Kg2 g5 57. Kh2 Kf3 58. Kh3 g4+ 59. Kh2
Kf2 0-1

[Event "VI Open FIDE"]
[Site "Forli' ITA"]
[Date "1993.10.??"]
[Round "4"]
[White "Turci, Stefano"]
[Black "Bartolini, Tommaso"]
[WhiteElo "2230"]
[BlackElo "2095"]
[Result "1/2-1/2"]
[PlyCount "36"]
[EventDate "1993.10.23"]

1. d4 Nf6 2. Nf3 d5 3. Bf4 Bf5 4. e3 c6 5. c3 e6 6. Nbd2 Nbd7 7. h3 Ne4 8. Nxe4
Bxe4 9. Be2 Be7 10. Qb3 Qb6 11. O-O f6 12. Rfe1 g5 13. Bg3 h5 14. Nd2 Bg6 15.
Qxb6 axb6 16. a3 b5 17. Rac1 Nb6 18. Bd1 Nc4 1/2-1/2

[Event "VI Open FIDE"]
[Site "Forli' ITA"]
[Date "1993.10.??"]
[Round "4"]
[White "Ubezio, Marco"]
[Black "Lagrotteria, Salvatore"]
[WhiteElo "2200"]
[BlackElo "2230"]
[Result "0-1"]
[PlyCount "110"]
[EventDate "1993.10.23"]

1. e4 e6 2. d4 d5 3. e5 c5 4. c3 Nc6 5. Nf3 Bd7 6. dxc5 Bxc5 7. b4 Be7 8. b5
Na5 9. Bd3 Qc7 10. Qe2 h5 11. O-O Nh6 12. a4 Nb3 13. Ra2 Nxc1 14. Rxc1 Bc5 15.
h3 a6 16. Rcc2 g6 17. Nbd2 axb5 18. axb5 O-O 19. Nb3 Be7 20. Qd2 Kg7 21. Nbd4
Rfc8 22. Rc1 Ra5 23. Nb3 Rxa2 24. Qxa2 Nf5 25. c4 dxc4 26. Rxc4 Qb8 27. Qc2
Rxc4 28. Qxc4 g5 29. Nc5 Qc8 30. Nxd7 Qxd7 31. Qe4 h4 32. g4 hxg3 33. fxg3 Kf8
34. g4 Nh4 35. Nxh4 gxh4 36. Kg2 Bg5 37. Kf3 Qc7 38. Qb4+ Kg7 39. Qe4 Qc1 40.
Qh7+ Kf8 41. Qe4 Qh1+ 42. Ke2 Qxh3 43. Kd1 Qh2 44. Be2 b6 45. Kc2 h3 46. Kd3
Bf4 47. Qf3 Qg3 48. Qxg3 Bxg3 49. Ke4 h2 50. Bf3 Kg7 51. Bg2 Kg6 52. Bh1 Kg5
53. Bf3 Kh4 54. Kd4 Bf4 55. Ke4 Kg3 0-1

[Event "VI Open FIDE"]
[Site "Forli' ITA"]
[Date "1993.10.??"]
[Round "5"]
[White "Bartolini, Tommaso"]
[Black "Ubezio, Marco"]
[WhiteElo "2095"]
[BlackElo "2200"]
[Result "1/2-1/2"]
[PlyCount "122"]
[EventDate "1993.10.23"]

1. d4 c5 2. d5 Nf6 3. c4 d6 4. Nc3 e6 5. e4 g6 6. Nf3 exd5 7. cxd5 a6 8. a4 Bg4
9. Be2 Bxf3 10. Bxf3 Nbd7 11. O-O Bg7 12. Bf4 Qe7 13. Qd2 Ne5 14. Be2 O-O 15.
Rad1 Nfd7 16. Bg3 g5 17. Rde1 c4 18. f3 Rac8 19. Rc1 Nc5 20. Rcd1 Nb3 21. Qc2
Qc7 22. h4 h6 23. hxg5 hxg5 24. Bf2 Rb8 25. Na2 b5 26. axb5 axb5 27. Nc1 Nc5
28. b3 Rfc8 29. g3 cxb3 30. Nxb3 Nxb3 31. Qxb3 Qc2 32. Qe3 Rc3 33. Rc1 Rxe3 34.
Rxc2 Nxf3+ 35. Kg2 Nd4 36. Bxe3 Nxc2 37. Bxg5 b4 38. Bd3 b3 39. Bf4 Rb6 40.
Bxc2 bxc2 41. Rc1 Rb2 42. Bxd6 Bh6 43. Bf4 Bxf4 44. gxf4 Kf8 45. Kf2 Ke7 46. e5
f6 47. Ke3 Ra2 48. Ke4 fxe5 49. fxe5 Ra4+ 50. Kd3 Ra5 51. Kc4 Ra4+ 52. Kb5 Re4
53. Rxc2 Rxe5 54. Kc6 Kd8 55. d6 Ra5 56. Rh2 Ra6+ 57. Kd5 Ra1 58. Rh4 Rd1+ 59.
Rd4 Rxd4+ 60. Kxd4 Kd7 61. Kd5 Kd8 1/2-1/2

[Event "VI Open FIDE"]
[Site "Forli' ITA"]
[Date "1993.10.??"]
[Round "5"]
[White "Beggi, Pierluigi"]
[Black "Lurje, Pawel"]
[WhiteElo "2235"]
[BlackElo "2100"]
[Result "1-0"]
[PlyCount "45"]
[EventDate "1993.10.23"]

1. d4 Nf6 2. c4 g6 3. Nc3 Bg7 4. e4 d6 5. Be2 O-O 6. f4 e5 7. fxe5 dxe5 8. d5
c6 9. Nf3 b5 10. dxc6 Qxd1+ 11. Bxd1 b4 12. Nd5 Nxc6 13. Ba4 Nd4 14. Nxd4 exd4
15. Bc6 Rb8 16. Bf4 Nxd5 17. Bxb8 Ne3 18. Bd6 d3 19. Bxf8 Bxb2 20. Bxb4 Nc2+
21. Kd2 Nxb4 22. Rab1 Ba3 23. Rb3 1-0

[Event "VI Open FIDE"]
[Site "Forli' ITA"]
[Date "1993.10.??"]
[Round "5"]
[White "Cordara, Michele"]
[Black "Rodighiero, Giuseppe"]
[WhiteElo "2205"]
[BlackElo "2190"]
[Result "1/2-1/2"]
[PlyCount "60"]
[EventDate "1993.10.23"]

1. Nf3 Nf6 2. c4 g6 3. b4 Bg7 4. Bb2 O-O 5. g3 d6 6. Bg2 e5 7. d3 Nh5 8. Nfd2
Nc6 9. b5 Nd4 10. O-O e4 11. Nc3 e3 12. fxe3 Nf5 13. Rf3 Bh6 14. Nf1 Nf6 15.
Nd5 Nxd5 16. cxd5 Ne7 17. Qb3 Bg7 18. Bxg7 Kxg7 19. Rc1 Kg8 20. Rf4 a6 21. bxa6
Rxa6 22. Rfc4 c6 23. dxc6 bxc6 24. Ra4 Be6 25. Qa3 Rxa4 26. Qxa4 Qb6 27. Rc2 c5
28. Qa3 Rb8 29. Qc1 Nf5 30. Be4 Ne7 1/2-1/2

[Event "VI Open FIDE"]
[Site "Forli' ITA"]
[Date "1993.10.??"]
[Round "5"]
[White "Drei, Andrea"]
[Black "Pieri, Filippo"]
[WhiteElo "2255"]
[BlackElo "2215"]
[Result "1/2-1/2"]
[PlyCount "164"]
[EventDate "1993.10.23"]

1. e4 c5 2. Nf3 d6 3. d4 cxd4 4. Qxd4 Nc6 5. Bb5 Bd7 6. Bxc6 Bxc6 7. c4 e5 8.
Qd3 f5 9. exf5 e4 10. Qe2 Qf6 11. Nc3 O-O-O 12. Nxe4 Qxf5 13. Ng3 Qg4 14. h3
Qg6 15. Be3 h5 16. O-O-O h4 17. Nf1 b6 18. N1d2 Nf6 19. Nd4 Ba4 20. b3 Bd7 21.
Kb2 Kb8 22. Qf3 Rc8 23. Rhe1 Rh5 24. Rc1 Ra5 25. Bf4 Nh5 26. Bh2 Rg5 27. Ne4
Rxg2 28. Rg1 Bxh3 29. Nb5 Rd8 30. Nexd6 Qf6+ 31. Qxf6 Nxf6 32. Rxg2 Bxg2 33.
Nf7+ Kc8 34. Nxa7+ Kb7 35. Nxd8+ Kxa7 36. Ne6 Ng4 37. Bf4 Be7 38. Bg5 Bxg5 39.
Nxg5 h3 40. Nxh3 Bxh3 41. Rc3 Nxf2 42. Rf3 Nd1+ 43. Kc1 Bg4 44. Rf7+ Ka6 45.
Kd2 g5 46. Rf1 Nb2 47. Rb1 Nd3 48. Rf1 Ne5 49. Kc3 Kb7 50. Re1 Nc6 51. b4 Bf3
52. b5 Nd8 53. Kb4 g4 54. Re7+ Kc8 55. c5 bxc5+ 56. Kxc5 g3 57. Kb6 Nb7 58. Rg7
g2 59. a4 Nd6 60. Ka7 Bd5 61. b6 Nf5 62. Rc7+ Kd8 63. Rc1 Nd6 64. a5 Nc8+ 65.
Kb8 Ne7 66. a6 Nc6+ 67. Ka8 Nb4+ 68. b7 Nxa6 69. Ka7 Bxb7 70. Kxb7 Nc5+ 71. Kc6
Ne6 72. Kd6 Nc7 73. Rg1 Ne8+ 74. Ke6 Nc7+ 75. Kf6 Kd7 76. Rxg2 Kd6 77. Rd2+
Nd5+ 78. Kf5 Kc5 79. Ke5 Nb4 80. Ke4 Kc4 81. Rd6 Kc5 82. Rh6 Nc6 1/2-1/2